Vikings (Sudden Death) - Statistics

General Stats
  • This quiz has been taken 91 times
  • The average score is 6 of 11
Answers on the Grid
Answers color-coded by a green-red scale on the quiz's grid according to % correct below.
Ragnar Lothbrok
Spitelout Jorgenson
Gunnar Hámundarson
Sweyn Forkbeard
Stoick the Vast
Fishlegs Ingerman
Egil Skallagrímsson
Gobber the Belch
Ivar the Boneless
Leif Erikson
Astrid Hofferson
Viggo Grimborn
Dagur the Deranged
Harald Hardrada
Björn Ironside
Drago Bludvist
Olaf Tryggvason
Erik the Red
Hiccup Horrendous Haddock III
Haakon the Good
 
Answer Stats
Answer % Correct
Ragnar Lothbrok
82%
Leif Erikson
68%
Ivar the Boneless
63%
Erik the Red
62%
Björn Ironside
53%
Harald Hardrada
51%
Gunnar Hámundarson
49%
Olaf Tryggvason
47%
Sweyn Forkbeard
40%
Egil Skallagrímsson
35%
Haakon the Good
32%
No matching quizzes found
Score Distribution
Percent of People with Each Score
Percentile by Number Answered
Your Score History
You have not taken this quiz